LEGO Series 2 Minifigures by Picture - Statistics

General Stats
  • This quiz has been taken 20 times
  • The average score is 11 of 16
Answer Stats
Picture Answer % Correct
Witch
93%
Vampire
87%
Pop Star
80%
Disco Dude
73%
Lifeguard
73%
Mime
73%
Spartan Warrior
73%
Surfer
73%
Weightlifter
73%
Karate Master
67%
Pharaon
67%
Skier
67%
Traffic Cop
67%
Mariachi / Maraca Man
53%
Circus Ringmaster
47%
Explorer
47%
No matching quizzes found
Score Distribution
Percent of People with Each Score
Percentile by Number Answered
Your Score History
You have not taken this quiz